000 00592nam a2200193 i 4500
001 38842
003 ES-MaACL
005 20230912063104.0
007 t|
008 030226s1874 sp ||||1| spa d
080 _a821.134.2-14"18"
100 1 _aCampoamor, Ramón de,
_d1817-1901
_934232
245 1 4 _aLos pequeños poemas /
_cpor Ramón de Campoamor.
250 _a3ª ed.
260 _aMadrid :
_bLibrería de V. Suárez,
_c1874 (
_fImp. J. M. Pérez)
300 _aXXI, 334 p. ;
_c17 cm.
852 _aES-MaACL
_jD-1046
_z.- Legado M. de La Fuente
999 _c38842
_d38842